=LDR 00000nam 2200000 4500 =001 INLIS000000000040419 =005 20130612150003 =008 ***********************************ind** =035 ##$$0010-061300000040419 =041 ##$$a ind =082 ##$$a 741.5 =090 ##$$a 741.5, Sac z =100 ##$$a SACCO, Joe =245 ##$$a Zona aman gorazde, Pesrang di bosnia timur 1992-1995, Joe sacco;Diterjemahkan,Desti j basuki, ary nilandari =260 ##$$a 2010 $b 6abandung =300 ##$$a ii.227 Hlm, Ilus6c24 cm =650 ##$$a KOMIK-BACAAN =700 ##$$a BASUKI, Desti J =850 ##$$a NBPNMAT =990 ##$$a 21196228/BPAP-NTB/2014 =990 ##$$a 0001/BPAP-NTB/2015 =990 ##$$a 0001/BPAP-NTB/2015